The revolution in American foreign policy : Its global range
Sparad:
| Huvudupphovsman: | |
|---|---|
| Materialtyp: | Bok |
| Språk: | Undetermined |
| Publicerad: |
New York
Random House
1963
|
| Ämnen: | |
| Taggar: |
Lägg till en tagg
Inga taggar, Lägg till första taggen!
|
| Thư viện lưu trữ: | Trung tâm Học liệu Trường Đại học Cần Thơ |
|---|
| LEADER | 00543nam a2200205Ia 4500 | ||
|---|---|---|---|
| 001 | CTU_77943 | ||
| 008 | 210402s9999 xx 000 0 und d | ||
| 082 | |a 327.73 | ||
| 082 | |b R196 | ||
| 100 | |a Carleton, Illiam G. | ||
| 245 | 4 | |a The revolution in American foreign policy : | |
| 245 | 0 | |b Its global range | |
| 245 | 0 | |c Illiam G. carleton | |
| 260 | |a New York | ||
| 260 | |b Random House | ||
| 260 | |c 1963 | ||
| 650 | |a World politics | ||
| 650 | |y 1945- | ||
| 904 | |i Trúc | ||
| 980 | |a Trung tâm Học liệu Trường Đại học Cần Thơ | ||